Carmen Castañeda García : docencia e historia; pasión de vida /

La Facultad de Filosofía y Letras de la Universidad de Guadalajara se propuso hacer esta serie de libros biográficos dedicados a cada uno de los memorables maestros que han dejado huella por su trabajo docente ejemplar y por sus aportaciones al campo de la investigación.

Uloženo v:
Podrobná bibliografie
Hlavní autor: Torres Salazar, Hugo (coordinación)
Médium: Kniha
Jazyk:španělština
Vydáno: Guadalajara, México : Universidad de Guadalajara, Centro Universitario de Ciencias Sociales y Humanidades : El Colegio de Jalisco, 2015, c2015
Edice:(Maestros Memorables de la Facultad de Filosofía y Letras de la UdeG ; 2)
Témata:
Tagy: Přidat tag
Žádné tagy, Buďte první, kdo vytvoří štítek k tomuto záznamu!

MARC

LEADER 00000nam^a2200000^a^4500
001 000370946
005 20250521000000.0
009 20260310115918.848
020 |a 978-607-9207-51-9 
037 |a Acervo ITESO - Biblioteca 
041 |a ESP 
082 |a 378. 72352  |b FFL V. 2 
100 |a Torres Salazar, Hugo  |e (coordinación) 
245 1 0 |a Carmen Castañeda García :  |b docencia e historia; pasión de vida /  |c Coord. de H. Torres Salazar. 
264 4 |a Guadalajara, México :  |b Universidad de Guadalajara, Centro Universitario de Ciencias Sociales y Humanidades :  |b El Colegio de Jalisco,  |c 2015, c2015 
300 |a 266 p. 
336 |a texto  |b txt  |2 rdacontenido 
337 |a sin mediación  |b n  |2 rdamedio 
338 |a volumen  |b nc  |2 rdasoporte 
440 1 |a (Maestros Memorables de la Facultad de Filosofía y Letras de la UdeG ;  |v 2) 
520 |a La Facultad de Filosofía y Letras de la Universidad de Guadalajara se propuso hacer esta serie de libros biográficos dedicados a cada uno de los memorables maestros que han dejado huella por su trabajo docente ejemplar y por sus aportaciones al campo de la investigación. 
649 |a XX 
650 |a Historiadores Jaliscienses -  |x Homenajes 
650 |a Historiadores Mexicanos -  |x Homenajes 
650 |a Mujeres Jaliscienses -  |x Homenajes 
650 |a Mujeres Mexicanas -  |x Homenajes 
650 |a Investigación Histórica -  |z Jalisco 
650 |a Investigación Histórica -  |z México 
650 |a Historia -  |x Estudio y Enseñanza 
650 |a Castañeda García, Carmen  |x Tema Principal 
910 |a Fondo General 
920 |a Impresos - Libros 
930 |a Colección General 
905 |a 101 
901 |a 0500265119  |b IT1  |c ACC  |i D75409  |u 20250521 
902 |a https://opac.biblio.iteso.mx/vufind/Record/000370946